00213nam a2200085 45000820014000001000028000142450065000422600009001073000011001160 a966.2 NYI1 aNyimbong, Daniel Thambo10aThe history of educational development in the southern sudan c1993 aP. 192